000
00293nam a22001217a 4500
008
160422b xxu||||| |||| 00| 0 eng d
020
_a
9781582553429
020
_a
1582553424
041
_a
eng
080
_a
618.2
245
_a
Manuar of nursing practice;
_c
Elizabeth Editors;
942
_2
udc
_c
BK
999
_c
1522
_d
1522